000 00528nam a22001577a 4500
003 NUST
038 _aNusrat Nadeem
082 _a200
100 _aFatima, Urooj
_917343
245 _aMulti-modal Explanation Generation for Interpreting Deep Learning-based Medical Decision-making/
_cUrooj Fatima,
264 _aIslamabad:
_bSEECS NUST.
_c2025.
650 _aMS-Computer Science
_926780
700 _aSupervisor: Dr. Syed Imran Ali
_9125636
856 _uhttp://10.250.8.41:8080/xmlui/handle/123456789/57039
942 _2ddc
_cSC
999 _c615733
_d615733